[Event "29th CRO-chT Junior 2020"]
[Site "Cakovec"]
[Date "2020.07.15"]
[Round "3.6"]
[White "Borzan, Andrej"]
[Black "Matota, Dominik"]
[Result "1/2-1/2"]
[WhiteElo "1983"]
[BlackElo "1807"]
[Annotator "TA"]
[PlyCount "77"]
[EventDate "2020.07.14"]
[EventType "team-tourn"]
[EventCountry "CRO"]
[SourceTitle "playchess.com"]
[Source "ChessBase"]
[SourceQuality "1"]

{[%evp 11,77,37,50,34,42,-33,-27,-32,66,71,69,76,81,43,131,124,135,134,143,148,168,119,111,117,180,141,140,17,13,8,15,6,185,-217,-52,-50,-31,-329,-323,-315,-303,-304,-289,-299,-284,-285,-280,-274,-286,-292,-181,-190,-185,-185,-172,-137,-119,-134,-137,-166,-87,-102,-37,-55,-16,-237,-16,-16]} 1. d4 Nf6 2. c4 g6 3. Nc3 Bg7 4. e4 d6 5. Nf3 O-O 6. Be3 Nbd7 7. Qd2 {E90: King's Indian: Classical: Early deviations and 6 h3.} e5 8. Bh6 (8. Be2 $14) 8... exd4 $15 9. Nxd4 {Black has an edge.} Nc5 (9... Re8 $15 10. Bxg7 Nxe4 11. Nxe4 Rxe4+ 12. Be2 Kxg7) 10. Bxg7 $14 Kxg7 11. f3 Re8 {[#]} 12. Be2 $146 ({Predecessor:} 12. O-O-O a5 13. h4 h5 14. Bd3 Nxd3+ {½-½ (14) Drumm,B (1491)-Rieke,T (2022) Hamburg 2018}) 12... Nh5 (12... a5 $14) 13. O-O-O $1 $16 Bd7 14. g4 Nf6 15. h4 h5 16. gxh5 Nxh5 17. Rdg1 Rh8 (17... Re5 $16) 18. Rg5 Nf6 19. Nd5 (19. Qe3 $16) 19... Nxd5 $1 $11 20. cxd5 {aiming for h5.} Qf6 $1 21. h5 {Hoping for Rhg1.} Rae8 $2 (21... Kf8 $1 $11 {and Black has nothing to worry.}) 22. b4 $4 {[%mdl 8192] [#]} (22. Rhg1 $18 {avoids the disaster.}) 22... Rxe4 $2 ({Black should try} 22... Nxe4 $1 $19 {[%mdl 512]} 23. fxe4 Rxe4) 23. fxe4 $15 Nxe4 {[%mdl 64] Double Attack} 24. Qe3 $2 {[%mdl 8192]} ({Don't go for} 24. h6+ $2 Rxh6 25. Rxg6+ Rxg6 $19) (24. Rxg6+ $1 $15 Qxg6 25. Qf4) 24... Qxg5 25. Qxg5 Nxg5 26. Rg1 Nh3 27. Rg3 Nf4 {[%mdl 64] Double Attack} 28. hxg6 Nxe2+ ({Don't take} 28... Nxg6 29. Rc3 $19) ({Resist} 28... Nxd5 29. Bc4 $19) 29. Nxe2 fxg6 $19 {[%mdl 4096] Endgame KRB-KRN} 30. Nd4 Rh4 31. Rc3 Rxd4 32. Rxc7 Rxb4 33. Rxd7+ {KR-KR} Kf6 34. Rxd6+ {[#]} Kf5 $1 35. Rd7 g5 (35... Ke5 $19 36. Kd2 a5) 36. Kc2 g4 (36... b5 $17 {And now ...a6 would win.} 37. Rxa7 Rd4) 37. Kc3 $15 Rb6 38. Rf7+ $2 {[#]} (38. d6 $1 $11 {and White is okay.}) 38... Ke5 $2 (38... Rf6 $1 $19 {[%cal Rf6f7]} 39. Rxb7 g3) 39. Rg7 {What a bad dream for Black. Accuracy: White = 50%, Black = 42%.} 1/2-1/2

[Event "29th CRO-chT Junior 2020"]
[Site "Cakovec"]
[Date "2020.07.15"]
[Round "3.7"]
[White "Borzan, Matej"]
[Black "Colev, Ivor"]
[Result "1-0"]
[WhiteElo "1746"]
[BlackElo "1893"]
[Annotator "NA RC"]
[PlyCount "95"]
[EventDate "2020.07.14"]
[EventType "team-tourn"]
[EventCountry "CRO"]
[SourceTitle "playchess.com"]
[Source "ChessBase"]
[SourceQuality "1"]
[TimeControl "5400+30"]

{[%evp 18,95,11,14,19,21,19,13,38,11,179,158,184,156,214,30,262,34,262,302,285,282,280,227,237,245,232,154,167,145,147,146,889,227,491,335,32767,32767,32767,32767,237,232,244,252,358,406,357,402,532,471,481,504,473,620,507,743,502,655,652,634,727,726,764,777,631,978,983,713,712,866,755,1010,1064,1000,1364,1064,904,2283,1127,1416]} 1. d4 {[%emt 0:00:30]} f5 {[%emt 0:00:30]} 2. c4 {[%emt 0:00:00]} Nf6 {[%emt 0:00:00]} 3. Nc3 {[%emt 0:00:00]} g6 {[%emt 0:00:00]} 4. Nf3 {[%emt 0:00:00]} Bg7 {[%emt 0:00:00]} 5. g3 {[%emt 0:00:00]} O-O {[%emt 0:00:00]} 6. Bg2 {[%emt 0:00:30]} d6 {[%emt 0:00:30]} 7. O-O {[%emt 0:00:30]} c6 {[%emt 0:00:00] is recently more successful than 7...Qe8. Played by Hikaru Nakamura in June 2020.} 8. Bf4 {[%emt 0:00:30]} Qe8 {[%emt 0:01:00] A88: Dutch Defence: Leningrad System: 5 Nf3 0-0 6 0-0 d6 7 Nc3 c6.} 9. Qd2 {[%emt 0:01:30]} Nbd7 $1 {[%emt 0:07:30]} 10. Bh6 {[%emt 0:03:30]} e5 {[%emt 0:00:30]} 11. Bxg7 {[%emt 0:01:30]} Kxg7 {[%emt 0:00:30]} 12. dxe5 {[%emt 0:02:30]} dxe5 {[%emt 0:00:00]} 13. e4 {[%emt 0:00:30] [#]} Nh5 $2 $146 {[%emt 0:23:00]} (13... Nc5 $11 {and Black is okay.}) ({Predecessor:} 13... Nxe4 14. Nxe4 fxe4 15. Ng5 Nf6 16. Nxe4 Nxe4 17. Bxe4 Bg4 18. Rae1 Qd8 19. Qb4 Rf7 {½-½ (42) Raps,J (2148)-Wehner,R (2266) Germany 2011}) 14. exf5 {[%emt 0:06:30]} gxf5 {[%emt 0:00:30]} 15. Rfe1 {[%emt 0:00:30]} e4 {[%emt 0:00:30]} 16. Nd4 $2 {[%emt 0:00:30]} (16. g4 $1 $18) 16... Ne5 $2 {[%emt 0:08:30] [#]} ({Black should play} 16... Qg6 $14) 17. f3 $2 {[%emt 0:04:30]} ({Only move:} 17. Nxe4 $1 $18 {[%mdl 512]} fxe4 18. Qg5+ Ng6 19. Qxh5 (19. Rxe4 Qf7 $16)) 17... exf3 $2 {[%emt 0:01:30]} (17... Qg6 $14) 18. Nxf3 {[%emt 0:01:30]} Nxf3+ {[%emt 0:00:30]} 19. Bxf3 {[%emt 0:00:00]} Qg6 {[%emt 0:00:30]} 20. Re7+ {[%emt 0:01:00]} Kg8 {[%emt 0:02:30] [#]} 21. Bxh5 $1 {[%emt 0:08:30]} Qxh5 {[%emt 0:00:30]} 22. Qd4 {[%emt 0:00:30]} Qg6 {[%emt 0:01:30]} 23. Ne2 {[%emt 0:04:30]} Qg5 {[%emt 0:08:30]} 24. Qe5 {[%emt 0:02:30]} h5 $2 {[%emt 0:04:30]} (24... Qf6 $16 25. Qxf6 Rxf6) 25. Kf2 $2 {[%emt 0:03:30]} (25. Nf4 Qf6 26. Qe2 Qd4+ 27. Kg2) 25... b6 $2 {[%emt 0:10:30]} (25... Qf6 26. Qxf6 Rxf6) 26. Rd1 {[%emt 0:01:30]} Qf6 {[%emt 0:09:30]} 27. Qxf6 {[%emt 0:00:30]} Rxf6 {[%emt 0:00:00]} 28. Re8+ {[%emt 0:00:00]} Rf8 {[%emt 0:00:00]} 29. Rxf8+ {[%emt 0:02:00]} Kxf8 {[%emt 0:01:30]} 30. Rd8+ {[%emt 0:00:30]} Kg7 {[%emt 0:01:47]} (30... Ke7 $142 31. Rh8 Kd6) 31. Nd4 {[%emt 0:00:30]} Kf6 {[%emt 0:03:34]} 32. Nxc6 {[%emt 0:00:30]} Bb7 {[%emt 0:00:27]} 33. Rxa8 {[%emt 0:00:30]} Bxa8 {[%emt 0:00:06]} 34. Nxa7 {[%emt 0:00:30]} Bb7 {[%emt 0:01:03]} 35. Nb5 {[%emt 0:00:30]} Ke5 {[%emt 0:00:39]} 36. Ke3 {[%emt 0:00:00]} Bc6 {[%emt 0:02:01]} 37. Nc3 {[%emt 0:00:00]} Bg2 {[%emt 0:01:45]} 38. Ne2 {[%emt 0:00:30]} Bf1 {[%emt 0:01:00]} 39. Kf2 {[%emt 0:00:30]} Bh3 {[%emt 0:00:16]} 40. Nf4 {[%emt 0:00:30]} Bg4 {[%emt 0:00:26]} 41. Ke3 {[%emt 0:00:30]} Bd1 {[%emt 0:00:36]} 42. Nd3+ {[%emt 0:00:30]} Ke6 {[%emt 0:00:53]} 43. Kd4 {[%emt 0:00:00]} Kd6 {[%emt 0:00:35]} 44. b4 {[%emt 0:00:00]} Ba4 {[%emt 0:00:24]} 45. Nf4 {[%emt 0:00:30]} Be8 {[%emt 0:00:18]} 46. c5+ {[%emt 0:00:30]} bxc5+ {[%emt 0:00:30]} 47. bxc5+ {[%emt 0:00:30]} Kc6 {[%emt 0:00:02]} 48. Nd3 $18 {[%emt 0:00:30]} 1-0

[Event "29th CRO-chT Junior 2020"]
[Site "Cakovec"]
[Date "2020.07.15"]
[Round "3.8"]
[White "Poljan, Max"]
[Black "Dankos, Mislav"]
[Result "0-1"]
[WhiteElo "1618"]
[BlackElo "1274"]
[Annotator "NA RC"]
[PlyCount "159"]
[EventDate "2020.07.14"]
[EventType "team-tourn"]
[EventCountry "CRO"]
[SourceTitle "playchess.com"]
[Source "ChessBase"]
[SourceQuality "1"]
[TimeControl "5400+30"]

1. d4 {[%emt 0:00:30]} d5 {[%emt 0:00:30]} 2. Nf3 {[%emt 0:00:00]} Nf6 {[%emt 0:00:30]} 3. e3 {[%emt 0:00:00]} Bf5 {[%emt 0:01:30]} 4. c4 {[%emt 0:00:00]} c6 {[%emt 0:01:30]} 5. Qb3 {[%emt 0:00:00]} Qc7 {[%emt 0:04:30]} 6. Nc3 {[%emt 0:00:30]} e6 {[%emt 0:01:30]} 7. Be2 {[%emt 0:01:30]} Bd6 {[%emt 0:02:30]} 8. O-O {[%emt 0:01:30]} O-O {[%emt 0:01:30]} 9. h3 {[%emt 0:01:30]} b6 {[%emt 0:02:30]} 10. Bd2 {[%emt 0:01:30]} Nbd7 {[%emt 0:07:30]} 11. Rac1 {[%emt 0:00:00]} Qb7 {[%emt 0:04:30]} 12. Nh4 {[%emt 0:04:00]} Ne4 {[%emt 0:04:30]} 13. Nxe4 {[%emt 0:01:30]} Bxe4 {[%emt 0:00:30]} 14. f3 {[%emt 0:01:30]} dxc4 {[%emt 0:00:00]} 15. Bxc4 {[%emt 0:00:30]} Bd5 {[%emt 0:00:00]} 16. Bxd5 {[%emt 0:00:30]} cxd5 {[%emt 0:00:30]} 17. f4 {[%emt 0:00:30]} Nf6 {[%emt 0:00:30]} 18. Nf3 {[%emt 0:02:30]} Ne4 {[%emt 0:00:30]} 19. Bb4 {[%emt 0:01:30]} Bxb4 {[%emt 0:02:30]} 20. Qxb4 {[%emt 0:00:00]} Qa6 {[%emt 0:01:30]} 21. Qb3 {[%emt 0:01:00]} Ng3 {[%emt 0:00:30]} 22. Rfe1 {[%emt 0:03:30]} Ne2+ {[%emt 0:00:30]} 23. Kf2 {[%emt 0:00:30]} Nxc1 {[%emt 0:00:30]} 24. Rxc1 {[%emt 0:00:00]} Rac8 {[%emt 0:00:30]} 25. Rc3 {[%emt 0:01:00]} Rxc3 {[%emt 0:00:30]} 26. Qxc3 {[%emt 0:00:30]} Qc4 {[%emt 0:00:30]} 27. Qa3 {[%emt 0:00:00]} a5 {[%emt 0:03:30]} 28. Qe7 {[%emt 0:04:00]} Qc2+ {[%emt 0:00:30]} 29. Kg3 {[%emt 0:00:30]} Qg6+ {[%emt 0:00:30]} 30. Kf2 {[%emt 0:00:30]} Qf6 {[%emt 0:00:30]} 31. Qb7 {[%emt 0:00:00]} Qd8 {[%emt 0:01:30]} 32. Ne5 {[%emt 0:03:00]} Qd6 {[%emt 0:02:30]} 33. Nd7 {[%emt 0:03:30]} Rd8 {[%emt 0:01:30]} 34. Ne5 {[%emt 0:00:30]} Rf8 {[%emt 0:04:30]} 35. Nd7 {[%emt 0:00:00]} Qe7 {[%emt 0:00:30]} 36. Qc6 {[%emt 0:00:00]} Rd8 {[%emt 0:00:30]} 37. Ne5 {[%emt 0:00:30]} f6 {[%emt 0:03:30]} 38. Nd3 {[%emt 0:00:30]} Rd6 {[%emt 0:00:30]} 39. Qb5 {[%emt 0:03:30]} Qd7 {[%emt 0:02:30]} 40. Qxd7 {[%emt 0:01:30]} Rxd7 {[%emt 0:00:30]} 41. Ke2 {[%emt 0:00:30]} Rc7 {[%emt 0:00:00]} 42. Kd2 {[%emt 0:00:00]} Kf7 {[%emt 0:00:00]} 43. g3 {[%emt 0:01:00]} g5 {[%emt 0:02:30]} 44. fxg5 {[%emt 0:01:30]} fxg5 {[%emt 0:00:30]} 45. Ne5+ {[%emt 0:00:00]} Kf6 {[%emt 0:00:30]} 46. g4 {[%emt 0:00:00]} b5 {[%emt 0:00:30]} 47. Nd3 {[%emt 0:03:30]} b4 {[%emt 0:01:30]} 48. Kd1 {[%emt 0:00:30]} Ke7 {[%emt 0:00:30]} 49. Kd2 {[%emt 0:01:30]} Kd6 {[%emt 0:00:30]} 50. Kd1 {[%emt 0:01:30]} Kc6 {[%emt 0:00:30]} 51. Nc5 {[%emt 0:01:30]} Kd6 {[%emt 0:02:30]} 52. Nd3 {[%emt 0:00:00]} Rb7 {[%emt 0:00:30]} 53. Kc2 {[%emt 0:06:00]} Rf7 {[%emt 0:01:30]} 54. Ne5 {[%emt 0:00:30]} Rf2+ {[%emt 0:00:30]} 55. Kb3 {[%emt 0:00:30]} Kc7 {[%emt 0:01:30]} 56. Ka4 {[%emt 0:00:30]} Kb6 {[%emt 0:00:30]} 57. Nd7+ {[%emt 0:00:30]} Ka6 {[%emt 0:00:30]} 58. Nc5+ {[%emt 0:00:30]} Kb6 {[%emt 0:00:30]} 59. Nd7+ {[%emt 0:00:00]} Kc7 {[%emt 0:02:30]} 60. Ne5 {[%emt 0:01:00]} Rxb2 {[%emt 0:00:30]} 61. Kxa5 {[%emt 0:00:00]} b3 {[%emt 0:00:30]} 62. axb3 {[%emt 0:01:00]} Rxb3 {[%emt 0:00:00]} 63. Nf7 {[%emt 0:00:30]} h6 {[%emt 0:01:00]} 64. Nxh6 {[%emt 0:01:30]} Rxe3 {[%emt 0:00:30]} 65. Nf7 {[%emt 0:00:00]} Rxh3 {[%emt 0:00:30]} 66. Nxg5 {[%emt 0:00:00]} Rh4 {[%emt 0:00:30]} 67. Nxe6+ {[%emt 0:01:30]} Kd6 {[%emt 0:00:00]} 68. Nf4 {[%emt 0:00:30]} Rxg4 {[%emt 0:00:00]} 69. Ne2 {[%emt 0:00:00]} Re4 {[%emt 0:00:30]} 70. Nc1 {[%emt 0:01:00]} Rxd4 {[%emt 0:00:30]} 71. Nb3 {[%emt 0:00:30]} Rc4 {[%emt 0:00:30]} 72. Kb5 {[%emt 0:00:00]} Ke5 {[%emt 0:00:30]} 73. Nd2 {[%emt 0:01:00]} Rc2 {[%emt 0:00:30]} 74. Nf1 {[%emt 0:00:30]} d4 {[%emt 0:00:30]} 75. Kb4 {[%emt 0:00:30]} d3 {[%emt 0:00:30]} 76. Kb3 {[%emt 0:00:30]} Rc8 {[%emt 0:00:30]} 77. Nd2 {[%emt 0:00:30]} Kd4 {[%emt 0:00:30]} 78. Nf1 {[%emt 0:00:30]} Ke4 {[%emt 0:00:30]} 79. Nd2+ {[%emt 0:00:00]} Ke3 {[%emt 0:00:00]} 80. Nc4+ {[%emt 0:01:00]} 0-1

[Event "29th CRO-chT Junior 2020"]
[Site "Cakovec"]
[Date "2020.07.15"]
[Round "3.9"]
[White "Cotic, Borna"]
[Black "Haidinger, Erik"]
[Result "1/2-1/2"]
[WhiteElo "2049"]
[BlackElo "1767"]
[Annotator "TA"]
[PlyCount "91"]
[EventDate "2020.07.14"]
[EventType "team-tourn"]
[EventCountry "CRO"]
[SourceTitle "playchess.com"]
[Source "ChessBase"]
[SourceQuality "1"]

{[%evp 14,91,13,16,13,3,11,4,14,0,0,0,35,35,48,50,89,52,79,62,72,31,33,28,27,9,7,0,0,0,10,-17,24,24,28,-22,-35,-29,0,-66,40,41,73,70,73,73,81,90,73,87,96,91,104,90,99,81,96,0,0,0,233,0,0,0,0,0,0,0,0,0,0,0,0,0,0,0,0,0,0,0]} 1. e4 c5 2. Nf3 d6 3. Bb5+ Bd7 4. Bxd7+ Qxd7 5. c4 e5 6. d3 Nc6 7. Nc3 g6 8. Nd5 Bg7 {B52: Sicilian: Moscow Variation with 3...Bd7.} 9. O-O Nge7 10. Bg5 Nxd5 11. cxd5 Nd4 12. Nxd4 exd4 (12... cxd4 {with more complications.} 13. f3 O-O 14. Rc1 Rac8 15. Qb3 f5) 13. f4 O-O 14. f5 {[#]} f6 $146 ({Predecessor:} 14... Be5 15. f6 Rfc8 16. Qf3 c4 17. dxc4 Rxc4 18. Rac1 Rac8 19. Rxc4 Rxc4 20. Rc1 Rxc1+ 21. Bxc1 {0-1 (44) Turova,I (2413)-Dzagnidze,N (2459) Dresden 2004}) 15. Bh4 Rae8 16. b3 b5 17. Rc1 Bh6 18. Rc2 Be3+ 19. Kh1 g5 $36 {[%mdl 2048] Black has the initiative.} 20. Bg3 a5 21. Qh5 Rf7 22. h4 Ra8 23. hxg5 Bxg5 24. e5 dxe5 25. Rxc5 {White wants to play Bxe5!} h6 26. Qe2 (26. Bh4 $11) 26... Ra6 (26... Rc8 $15 27. Qc2 Rxc5 28. Qxc5 Kh7) 27. Qf3 $14 Rd6 28. Rf2 Rf8 29. Rfc2 Rd8 {[%cal Rd6d5]} 30. Rc7 Qe8 31. R2c6 R8d7 32. Rc8 Rd8 {[#]} 33. Rxd6 $1 Rxc8 34. Rc6 Qd7 35. Rxc8+ ({Better is} 35. Re6 $16) 35... Qxc8 $11 36. d6 {Threatens to win with Qd5+.} Be3 $2 {[#]} (36... Kg7 $11 {and Black has nothing to worry.}) 37. Qd5+ $2 (37. Be1 $1 $18) 37... Kg7 {The position is equal.} 38. d7 Qc1+ 39. Kh2 Qg1+ 40. Kh3 Qh1+ 41. Bh2 Bf4 42. Qg8+ $1 {[%mdl 64] Decoy} (42. d8=Q $2 {gets mated.} Qxh2+ 43. Kg4 Qg3+ 44. Kh5 Qg5#) 42... Kxg8 43. d8=Q+ {[%mdl 64] Double Attack} Kf7 44. Qd7+ Kf8 45. Qd8+ Kf7 46. Qd7+ {Accuracy: White = 75%, Black = 67%.} 1/2-1/2

[Event "29th CRO-chT Junior 2020"]
[Site "Cakovec"]
[Date "2020.07.15"]
[Round "3.10"]
[White "Sundac, Ivano"]
[Black "Simunic, Krunoslav"]
[Result "0-1"]
[WhiteElo "1408"]
[BlackElo "2047"]
[Annotator "TA"]
[PlyCount "88"]
[EventDate "2020.07.14"]
[EventType "team-tourn"]
[EventCountry "CRO"]
[SourceTitle "playchess.com"]
[Source "ChessBase"]
[SourceQuality "1"]

{[%evp 10,88,8,-14,-12,-19,-16,-30,-22,-28,-19,-28,-18,-18,-22,-19,-38,-41,33,42,27,9,14,0,-2,-4,-6,-42,-22,-52,-12,-76,16,-8,0,0,0,0,0,0,0,-51,-52,-118,-115,-223,-197,-197,-188,-200,-192,-218,-220,-218,-202,-253,-252,-243,-241,-645,-704,-796,-742,-1137,-868,-1156,-1127,-1055,-1060,-952,-904,-2102,-2060,-4718,-2215,-29985,-29986,-29979,-29983,-29980,-29980]} 1. d4 d5 2. Bf4 Bf5 3. Nf3 e6 4. e3 Bd6 5. Bg3 Nf6 6. Nbd2 O-O {D02: 1 d4 d5 2 Nf3 sidelines, including 2...Nf6 3 g3 and 2...Nf6 3 Bf4.} 7. Be2 {The main line 7.Be2 scores better than 7.c4.} c5 8. c3 Nc6 {Black has an edge.} 9. O-O Bxg3 10. hxg3 Qb6 11. Qb3 c4 12. Qxb6 axb6 13. Nh4 {[#]} g5 $146 ({Better is} 13... b5 $15) ({Predecessor:} 13... Ne7 14. Rfe1 b5 15. a3 Nd7 16. g4 Bg6 17. Nxg6 Nxg6 18. e4 Nf4 19. g3 Nxe2+ 20. Rxe2 {1-0 (44) Hrtanek,J (2248)-Walowy,B (2138) Karvina 2000}) 14. Nxf5 $14 exf5 15. b3 b5 16. bxc4 bxc4 17. Rfb1 Rfb8 18. Rb5 Ra3 19. Nb1 Ra5 20. a4 (20. Rxa5 $11 {remains equal.} Nxa5 21. Na3) 20... Ne4 (20... Rxb5 $17 21. axb5 Ne7) 21. Bf3 Rba8 (21... Rxb5 {is interesting.} 22. axb5 Ne7 23. Bxe4 fxe4 24. g4 f5) 22. Rxb7 Rxa4 23. Rxa4 Rxa4 24. Bxe4 fxe4 $11 {[%mdl 4096] Endgame KRN-KRN} 25. Rb5 ({White should try} 25. f3 $11) 25... Ra1 $15 26. Kh2 {Black keeps a firm grip on the game.} ({White should play} 26. g4 $1 $15) 26... g4 $17 27. Nd2 (27. Rb6 $17) 27... Ne7 28. Rb7 Kf8 {Threatens to win with ...Ra2.} 29. Rb8+ Kg7 30. Rb7 Kf6 31. Rb6+ Kf5 32. Rb7 Ke6 33. Rb6+ {[#]} Kd7 $1 34. Rf6 $2 (34. Rb2) 34... Rd1 $19 35. Nxc4 dxc4 36. Rxf7 {KRN-KR} Rc1 37. Rf4 Rxc3 38. Rxg4 Rb3 39. Rxe4 c3 {[#] And now ...c2 would win.} 40. Re5 Rb6 41. Ra5 c2 {( -> ...Rh6+)} 42. Ra7+ Ke8 {Black mates.} 43. Ra8+ Kf7 44. Ra1 Rb1 {Accuracy: White = 41%, Black = 85%.} 0-1

[Event "29th CRO-chT Junior 2020"]
[Site "Cakovec"]
[Date "2020.07.15"]
[Round "3.11"]
[White "Baric, Marko"]
[Black "Tomljanovic, Ivano"]
[Result "0-1"]
[WhiteElo "1831"]
[BlackElo "1393"]
[Annotator "NA RC"]
[PlyCount "100"]
[EventDate "2020.07.14"]
[EventType "team-tourn"]
[EventCountry "CRO"]
[SourceTitle "playchess.com"]
[Source "ChessBase"]
[SourceQuality "1"]
[TimeControl "5400+30"]

{[%evp 12,100,44,34,47,61,51,17,19,25,19,16,14,20,27,17,21,0,31,10,21,-11,-12,-15,29,23,39,34,64,0,16,16,5,0,52,35,59,56,47,10,43,4,43,47,67,0,3,0,0,0,0,-111,-86,-48,-253,-240,-270,-267,-220,-377,-477,-29990,-6303,-29992,-343,-960,-1038,-951,-1042,-1236,-1207,-1012,-1411,-1153,-1600,-1662,-4133,-2382,-5310,-29973,-29973,-12841,-29977,-29979,-29980,-6219,-29980,-29980,-29984,-29992,-29993]} 1. e4 {[%emt 0:00:30]} e5 {[%emt 0:00:30]} 2. Nf3 {[%emt 0:00:00]} Nc6 {[%emt 0:00:00]} 3. Bb5 {[%emt 0:00:00]} d6 {[%emt 0:00:00]} 4. d4 {[%emt 0:02:30]} exd4 {[%emt 0:01:30]} 5. Nxd4 {[%emt 0:02:30]} Bd7 {[%emt 0:00:30]} 6. O-O {[%emt 0:01:30]} Nf6 {[%emt 0:01:30]} 7. Bxc6 {[%emt 0:02:30]} Bxc6 {[%emt 0:00:30]} 8. Nxc6 {[%emt 0:01:30]} bxc6 {[%emt 0:00:30]} 9. Bg5 {[%emt 0:04:30]} Be7 {[%emt 0:00:30]} 10. Qd4 {[%emt 0:03:30] C62: Ruy Lopez: Steinitz Defence.} O-O {[%emt 0:01:30]} 11. Nd2 {[%emt 0:01:30] [#]} Re8 $146 {[%emt 0:01:30]} ({Predecessor:} 11... h6 12. Bh4 Re8 13. f4 c5 14. Qd3 Rb8 15. b3 Nd7 16. Bxe7 Rxe7 17. Rae1 Nb6 {½-½ (57) Richter,G (2211)-Li,D (1058) Oberwinden 2007}) 12. Rfe1 {[%emt 0:02:30]} h6 {[%emt 0:00:30]} 13. Bh4 {[%emt 0:02:30]} c5 {[%emt 0:02:30]} 14. Qa4 {[%emt 0:01:30]} Nd7 {[%emt 0:01:30]} (14... Ng4 $5 {[%cal Re7h4]} 15. Bg3 Bh4 $11) 15. Bxe7 {[%emt 0:01:30]} Qxe7 {[%emt 0:00:30]} 16. Nc4 {[%emt 0:13:30]} Nb6 {[%emt 0:01:30]} 17. Nxb6 {[%emt 0:00:30]} cxb6 {[%emt 0:00:30]} 18. Rad1 {[%emt 0:05:30]} Rad8 {[%emt 0:00:30]} 19. Rd5 {[%emt 0:08:30]} Qb7 {[%emt 0:01:30]} 20. Rxd6 {[%emt 0:15:30]} (20. Red1 $14) 20... b5 {[%emt 0:03:30]} 21. Rxd8 {[%emt 0:00:30]} Rxd8 {[%emt 0:00:30]} 22. Qa5 {[%emt 0:01:30]} Rd6 {[%emt 0:03:30]} 23. f3 {[%emt 0:02:30]} Qd7 {[%emt 0:03:30]} 24. Qc3 {[%emt 0:02:30]} c4 {[%emt 0:01:30]} 25. Kf1 {[%emt 0:02:30]} Rd4 {[%emt 0:03:30]} 26. a3 {[%emt 0:02:13]} h5 {[%emt 0:02:30]} 27. Ke2 {[%emt 0:03:38]} Rd6 {[%emt 0:15:30]} 28. b3 {[%emt 0:03:20]} cxb3 {[%emt 0:03:30]} 29. cxb3 {[%emt 0:00:58]} Rc6 {[%emt 0:02:30]} 30. Qd3 {[%emt 0:00:43]} Qc7 {[%emt 0:02:30]} 31. Rd1 {[%emt 0:08:39]} (31. e5 $1 $11) 31... Qxh2 {[%emt 0:01:30]} 32. Qd8+ {[%emt 0:01:22]} ({White has to play} 32. Kf2 $17) 32... Kh7 {[%emt 0:00:30]} 33. Qg5 {[%emt 0:01:48]} Rg6 {[%emt 0:02:30]} 34. Qf5 {[%emt 0:01:07]} Kh6 {[%emt 0:03:30]} ({Less strong is} 34... Qxg2+ 35. Ke3 $17) 35. Qxf7 {[%emt 0:01:01]} Qxg2+ {[%emt 0:00:30]} 36. Ke1 {[%emt 0:00:54]} (36. Ke3 $19 Rf6 {[%mdl 64] Double Attack} 37. Qd5) 36... Qh2 {[%emt 0:02:30]} (36... Qg1+ $142 37. Kd2 Qd4+ 38. Kc1 Rc6+ 39. Qc4 Qe3+ {[%mdl 64] Double Attack} 40. Kc2 bxc4 41. b4 Rg6 42. Kb1 Qb3+ {[%mdl 64] Double Attack} 43. Ka1 c3 44. Rd2 Rg1+ 45. Rd1 Rxd1#) 37. Qxa7 {[%emt 0:00:41]} Rg1+ $2 {[%emt 0:01:30]} (37... Rg2 {mates} 38. Rd6+ Kh7 39. Rh6+ {[%mdl 64] Decoy} Kxh6 40. Qe3+ Kh7 41. Kd1 Ra2 42. f4 Qc2+ 43. Ke1 Qb1+ 44. Qc1 Qxc1#) 38. Qxg1 {[%emt 0:00:11]} Qxg1+ {[%emt 0:00:30]} 39. Ke2 {[%emt 0:00:00]} Qc5 {[%emt 0:01:30]} 40. b4 {[%emt 0:00:58]} Qa7 {[%emt 0:00:30]} 41. Rd6+ {[%emt 0:00:29]} g6 {[%emt 0:01:30]} 42. f4 {[%emt 0:00:45] [#]} Qe7 $1 {[%emt 0:01:30]} 43. Rd4 {[%emt 0:00:07]} h4 {[%emt 0:02:30]} 44. Kf3 {[%emt 0:00:22]} Qe6 {[%emt 0:00:30]} 45. e5 {[%emt 0:01:07]} Qh3+ {[%emt 0:00:30]} 46. Ke4 {[%emt 0:00:21]} Qg2+ {[%emt 0:00:30]} 47. Ke3 {[%emt 0:00:41]} Qg1+ {[%emt 0:01:30]} 48. Ke4 {[%emt 0:00:05]} h3 {[%emt 0:01:30]} 49. Rd3 {[%emt 0:00:16] [#]} Qb1 {[%emt 0:01:30]} 50. e6 {[%emt 0:00:18]} h2 {[%emt 0:00:30]} 0-1